[Event "19eme Open de La Réunion"]
[Site "Salle des fêtes de Bellepierre"]
[Date "2017.10.19"]
[Round "5.21"]
[White "Houwenaghel, Maxime"]
[Black "Leonardy, Batiste"]
[Result "0-1"]
[WhiteElo "1080"]
[BlackElo "1116"]
[PlyCount "100"]
[EventDate "2017.??.??"]

1. e4 e6 2. Nc3 c5 3. d3 d5 4. Nf3 Nf6 5. Bg5 h6 6. Bh4 d4 7. Nb5 Qa5+ 8. Nd2
Qxb5 9. b3 Be7 10. Bg3 Nc6 11. Be2 Qa5 12. O-O O-O 13. Nb1 Rd8 14. e5 Nd7 15.
Bh5 Ndxe5 16. Qe2 Rd5 17. f4 Nd7 18. Bf3 Rd6 19. f5 e5 20. Bg4 Bg5 21. h4 Be3+
22. Kh2 Nf6 23. Bh3 Bd7 24. h5 Re8 25. a4 b5 26. Na3 Rd5 27. Nxb5 Qd2 28. Qf3
Rc8 29. Bh4 Bg5 30. Rad1 Qf4+ 31. Bg3 Qxf3 32. Rxf3 Nxh5 33. Nd6 Rxd6 34. Bf2
Bf4+ 35. Kh1 Ne7 36. Bg4 Nf6 37. Bh3 Nxf5 38. g4 Ne3 39. Rg1 Nfxg4 40. Bh4 h5
41. Be7 Rg6 42. Rb1 Nf2+ 43. Rxf2 Bxh3 44. Rf3 Bg2+ 45. Kg1 Bxf3+ 46. Kf2 Bg2
47. Kg1 Bh3+ 48. Kf2 Rg2+ 49. Kf3 Rg3+ 50. Ke4 f5# 0-1

[Event "19eme Open de La Réunion"]
[Site "Salle des fêtes de Bellepierre"]
[Date "2017.10.19"]
[Round "5.22"]
[White "Juillien, Thibault"]
[Black "Carballar, Eric"]
[Result "1-0"]
[WhiteElo "1099"]
[BlackElo "1203"]
[PlyCount "69"]
[EventDate "2017.??.??"]

1. c4 e6 2. g3 Bc5 3. Bg2 Qf6 4. Nf3 b6 5. O-O Bb7 6. Nc3 Ne7 7. d3 O-O 8. d4
Bxf3 9. Bxf3 Bxd4 10. Bxa8 Bxc3 11. bxc3 Qxc3 12. Bf4 Qxc4 13. Qc1 b5 14. Qxc4
bxc4 15. Bxc7 Nd5 16. Bxb8 Rxb8 17. Bxd5 exd5 18. Rfd1 Rb5 19. Rab1 a6 20. Rxb5
axb5 21. Rxd5 b4 22. Rxd7 g6 23. Rd4 c3 24. Rxb4 c2 25. Rc4 Kg7 26. Rxc2 f5 27.
a4 g5 28. a5 f4 29. gxf4 gxf4 30. a6 h5 31. e3 f3 32. a7 Kg6 33. a8=Q Kg5 34.
Qxf3 Kh4 35. Qg3# 1-0

[Event "19eme Open de La Réunion"]
[Site "Salle des fêtes de Bellepierre"]
[Date "2017.10.20"]
[Round "6.2"]
[White "Goorsahye, Antoine"]
[Black "Mezouaghi, Miloud"]
[Result "1-0"]
[WhiteElo "1750"]
[BlackElo "2102"]
[PlyCount "96"]
[EventDate "2017.??.??"]

1. e4 g6 2. g3 Bg7 3. Bg2 d6 4. Ne2 h5 5. h3 Nf6 6. d3 c5 7. c3 Nc6 8. Be3 Rb8
9. O-O Qb6 10. Qd2 Qa6 11. d4 cxd4 12. cxd4 Na5 13. b3 Nxb3 14. axb3 Qxa1 15.
Nbc3 Qa5 16. e5 dxe5 17. dxe5 Nh7 18. f4 O-O 19. Qb2 Be6 20. Nd4 Qa6 21. Ndb5
b6 22. Ra1 Qc8 23. Nxa7 Qd7 24. Nc6 Bxh3 25. Be4 h4 26. f5 gxf5 27. Ra7 Qe8 28.
Nxe7+ Kh8 29. Bc6 Qd8 30. Rd7 Qxd7 31. Bxd7 Bxe5 32. Bf4 Bg7 33. Bxf5 Rb7 34.
Bxh3 Rxe7 35. Qd2 Rfe8 36. Kf2 hxg3+ 37. Kxg3 Nf6 38. Bg4 Rg8 39. Qh2+ Nh7 40.
Nd5 Rb7 41. Kf3 Bd4 42. Bf5 f6 43. Nc7 Rg7 44. Ne6 Rgd7 45. Nf8 Rf7 46. Ng6+
Kg8 47. Be6 Ng5+ 48. Kg4 Kg7 1-0

[Event "19eme Open de La Réunion"]
[Site "Salle des fêtes de Bellepierre"]
[Date "2017.10.20"]
[Round "6.3"]
[White "Triton, Maxime"]
[Black "Andriandaza, Tombo Omar"]
[Result "1/2-1/2"]
[WhiteElo "1705"]
[BlackElo "1711"]
[PlyCount "63"]
[EventDate "2017.??.??"]

1. e4 c6 2. d4 d5 3. Nc3 dxe4 4. Nxe4 Nf6 5. Nxf6+ exf6 6. Nf3 Bd6 7. Bd3 O-O
8. O-O Bg4 9. c3 Qc7 10. h3 Bh5 11. Re1 Nd7 12. Be2 Rfe8 13. Nh4 Bxe2 14. Rxe2
Re6 15. Nf5 Bf8 16. Rxe6 fxe6 17. Ng3 f5 18. Qf3 Bd6 19. Ne2 g6 20. Bf4 Re8 21.
Bxd6 Qxd6 22. Qg3 e5 23. dxe5 Nxe5 24. Nd4 Kf7 25. Nf3 Nxf3+ 26. Qxf3 Qd2 27.
Rd1 Re1+ 28. Rxe1 Qxe1+ 29. Kh2 Qe5+ 30. g3 Kf6 31. Qd3 Qd5 32. Qe3 1/2-1/2

[Event "19eme Open de La Réunion"]
[Site "Salle des fêtes de Bellepierre"]
[Date "2017.10.20"]
[Round "6.4"]
[White "Mercadal, Theo"]
[Black "Laoussing, Mathis"]
[Result "1/2-1/2"]
[WhiteElo "1661"]
[BlackElo "1350"]
[PlyCount "127"]
[EventDate "2017.??.??"]

1. c4 e5 2. Nc3 Nc6 3. g3 g6 4. Bg2 f5 5. d3 Bg7 6. Nf3 Nf6 7. a3 a5 8. Rb1 d6
9. Qc2 O-O 10. O-O Re8 11. Rd1 Be6 12. b4 axb4 13. axb4 Qd7 14. b5 Ne7 15. Ng5
c6 16. Bd2 d5 17. Nxe6 Qxe6 18. Na4 Nd7 19. c5 e4 20. Rdc1 Ne5 21. bxc6 N7xc6
22. Nc3 Red8 23. Nb5 Rac8 24. Qb3 exd3 25. exd3 Nf7 26. Re1 Qf6 27. Bxd5 Rxd5
28. Qxd5 Rd8 29. Qe6 Nce5 30. Rxe5 Qxe5 31. Qxe5 Nxe5 32. Be3 Rxd3 33. Nd6 Ng4
34. Bf4 Bd4 35. Nxb7 Bxf2+ 36. Kf1 Rc3 37. h3 Bxc5 38. hxg4 Be3 39. Be5 Rc2 40.
gxf5 Rf2+ 41. Ke1 Rxf5 42. Bd6 Rf2 43. Rb3 Rf7 44. Na5 Rd7 45. Nc4 Bh6 46. Ke2
Kg7 47. Be5+ Kf7 48. Bc3 Ke6 49. g4 Rc7 50. Nb2 Bg7 51. Rb6+ Kd5 52. Rb5+ Kc6
53. Rb3 Re7+ 54. Kf3 Bxc3 55. Rxc3+ Kd6 56. Nc4+ Kd5 57. Nd2 Kd4 58. Rc4+ Kd3
59. Re4 Rf7+ 60. Rf4 Rxf4+ 61. Kxf4 Kxd2 62. Kf3 Kd3 63. Kf4 Kd4 64. g5 1/2-1/2

[Event "19eme Open de La Réunion"]
[Site "Salle des fêtes de Bellepierre"]
[Date "2017.10.20"]
[Round "6.5"]
[White "Calmels, Nicolas"]
[Black "Evrin, Selvam"]
[Result "0-1"]
[WhiteElo "1863"]
[BlackElo "1592"]
[PlyCount "90"]
[EventDate "2017.??.??"]

1. e4 c5 2. Nc3 Nc6 3. g3 g6 4. Bg2 Bg7 5. Nge2 Rb8 6. d3 b5 7. a3 a5 8. Be3 b4
9. Na4 d6 10. c3 Bd7 11. f4 Nf6 12. d4 Ng4 13. Bg1 bxa3 14. bxa3 cxd4 15. cxd4
O-O 16. h3 Nh6 17. Rc1 e5 18. fxe5 dxe5 19. d5 Ne7 20. Bc5 f5 21. O-O fxe4 22.
Rxf8+ Bxf8 23. d6 Nc8 24. Qd5+ Nf7 25. Nac3 Rb2 26. Rf1 Qe8 27. Nxe4 Qe6 28.
Nf6+ Kg7 29. Qxe6 Bxe6 30. d7 Bxc5+ 31. Kh1 Ncd6 32. Ne8+ Kh6 33. Nf6 Rxe2 34.
Bc6 Nf5 35. Rf3 Bb6 36. Nd5 Bxd5 37. Bxd5 N7d6 38. g4 Nd4 39. Rf6 N4b5 40. a4
Rd2 41. Bc6 Nc3 42. h4 Nde4 43. Rf3 Rd6 44. g5+ Kh5 45. Rf7 Rxc6 0-1

[Event "19eme Open de La Réunion"]
[Site "Salle des fêtes de Bellepierre"]
[Date "2017.10.20"]
[Round "6.6"]
[White "Arulanantham, Manuelpillai"]
[Black "Payet, Jean-Claude"]
[Result "0-1"]
[WhiteElo "1570"]
[BlackElo "1837"]
[PlyCount "26"]
[EventDate "2017.??.??"]

1. e4 c5 2. Nf3 d6 3. d4 cxd4 4. Nxd4 Nf6 5. Nc3 g6 6. Be3 Bg7 7. Qd2 Nc6 8.
Nxc6 bxc6 9. f3 O-O 10. Bh6 Rb8 11. O-O-O Qb6 12. b3 Qa5 13. g4 Nxe4 0-1

[Event "19eme Open de La Réunion"]
[Site "Salle des fêtes de Bellepierre"]
[Date "2017.10.20"]
[Round "6.7"]
[White "Desire, Michael"]
[Black "Larmet, Nino"]
[Result "1-0"]
[WhiteElo "1773"]
[BlackElo "1563"]
[PlyCount "103"]
[EventDate "2017.??.??"]

1. d4 c6 2. c4 d6 3. e4 Nd7 4. Nc3 Qc7 5. Be3 e5 6. d5 Ngf6 7. Nge2 Be7 8. Ng3
Nf8 9. Be2 Ng6 10. Qd2 O-O 11. Rc1 Ng4 12. Bxg4 Bxg4 13. f3 Bd7 14. O-O a5 15.
Qf2 c5 16. Qd2 Qd8 17. Nge2 f5 18. exf5 Bxf5 19. Ng3 Bd7 20. Nce4 Nf4 21. Ne2
Ng6 22. Rc3 b5 23. b3 b4 24. Rc2 Nh4 25. f4 Bf5 26. N2g3 Bf6 27. Rcc1 Bxe4 28.
Nxe4 Nf5 29. Bf2 exf4 30. Nxf6+ Rxf6 31. Qxf4 Qd7 32. Rce1 Raf8 33. Qe4 Qf7 34.
Qe2 h5 35. h3 g5 36. g4 hxg4 37. hxg4 Nh6 38. Bg3 Rxf1+ 39. Rxf1 Qxf1+ 40. Qxf1
Rxf1+ 41. Kxf1 Nf7 42. Kf2 Kg7 43. Ke3 Kg6 44. Ke4 Kf6 45. Bh2 Kg6 46. Bg1 Ne5
47. Bxc5 Nxg4 48. Bxd6 Nf6+ 49. Ke5 g4 50. Ke6 Ne4 51. c5 Nxd6 52. cxd6 1-0

[Event "19eme Open de La Réunion"]
[Site "Salle des fêtes de Bellepierre"]
[Date "2017.10.20"]
[Round "6.8"]
[White "Bah, Ismael"]
[Black "Etheve, Lionel"]
[Result "0-1"]
[WhiteElo "1712"]
[BlackElo "1576"]
[PlyCount "110"]
[EventDate "2017.??.??"]

1. b3 Nf6 2. Bb2 b6 3. Nf3 Bb7 4. e3 c5 5. c4 e6 6. Nc3 Be7 7. Be2 O-O 8. O-O
d5 9. d4 Nbd7 10. cxd5 Nxd5 11. Rc1 Nxc3 12. Bxc3 Bf6 13. Qd2 cxd4 14. exd4 Rc8
15. Bb2 Rxc1 16. Qxc1 Qb8 17. Qb1 Rc8 18. Rc1 Rxc1+ 19. Qxc1 h6 20. Qd2 g5 21.
Ne1 Kg7 22. h3 Nf8 23. Bf3 Bxf3 24. Nxf3 Qc7 25. Qe2 Ng6 26. g3 Qc6 27. Qd3 Qd5
28. Nd2 e5 29. Qe4 Qxe4 30. Nxe4 exd4 31. Nxf6 Kxf6 32. Bxd4+ Ke6 33. Kf1 Ne5
34. Ke2 Kd5 35. Ke3 f5 36. Bxe5 Kxe5 37. f4+ gxf4+ 38. gxf4+ Kd5 39. Kd3 h5 40.
b4 h4 41. b5 Kc5 42. a4 Kd5 43. Ke3 Kc4 44. Ke2 Kd4 45. Kf3 Kd3 46. Kf2 Ke4 47.
Ke2 Kxf4 48. Kf2 Ke4 49. Ke2 f4 50. Kf2 f3 51. Kf1 Ke3 52. Ke1 f2+ 53. Kf1 Kf3
54. a5 Kg3 55. a6 Kxh3 0-1

[Event "19eme Open de La Réunion"]
[Site "Salle des fêtes de Bellepierre"]
[Date "2017.10.20"]
[Round "6.9"]
[White "Duprey, Francois-Xavier"]
[Black "Dace, Jean Emeric"]
[Result "0-1"]
[WhiteElo "1614"]
[BlackElo "1649"]
[PlyCount "82"]
[EventDate "2017.??.??"]

1. c4 e6 2. g3 Nf6 3. Bg2 Be7 4. Nf3 c6 5. O-O O-O 6. d4 d5 7. c5 Nbd7 8. b4
Qc7 9. Bb2 Re8 10. Nbd2 Bf8 11. Ne5 Nxe5 12. dxe5 Nd7 13. f4 b6 14. e4 bxc5 15.
exd5 cxd5 16. bxc5 Rb8 17. Nb3 Ba6 18. Re1 Nxc5 19. Kh1 Nd3 20. Re2 Nxb2 21.
Rxb2 Bc4 22. Rc2 Qb6 23. Nd2 Bd3 24. Rc3 Bg6 25. Rac1 Bb4 26. Rc7 a5 27. Nb3 a4
28. Nd4 Ba3 29. R7c6 Qa5 30. Qe1 Qa7 31. Rd1 Bb2 32. Nf3 Qb7 33. Rc5 Ba3 34.
Rcc1 Bxc1 35. Rxc1 Qb2 36. Nh4 Be4 37. Bxe4 dxe4 38. Ra1 e3 39. f5 Qxe5 40.
fxe6 fxe6 41. a3 Rb2 0-1

[Event "19eme Open de La Réunion"]
[Site "Salle des fêtes de Bellepierre"]
[Date "2017.10.20"]
[Round "6.10"]
[White "Ringayen, Rose-May"]
[Black "Muller, Sebastien"]
[Result "1-0"]
[WhiteElo "1622"]
[BlackElo "1431"]
[PlyCount "71"]
[EventDate "2017.??.??"]

1. e4 c5 2. Nf3 g6 3. d4 Bg7 4. Nc3 cxd4 5. Nxd4 a6 6. Be3 d6 7. a4 Nf6 8. h3
Nbd7 9. Qd2 h6 10. f4 Nc5 11. Bd3 Ncd7 12. Nf3 Qc7 13. Bd4 e5 14. Be3 Nh5 15.
Nd5 Qd8 16. Rb1 Nhf6 17. fxe5 Nxd5 18. exd5 Nxe5 19. Nxe5 dxe5 20. c4 Qd6 21.
c5 Qd7 22. Bc2 f5 23. O-O Qf7 24. Rbe1 Bd7 25. Bf4 g5 26. Bxe5 O-O 27. Bxg7
Qxg7 28. Bb3 Kh8 29. Qc3 Rf6 30. d6 Rc8 31. Re7 Qf8 32. Rxd7 Qg7 33. Rxg7 Kxg7
34. Rxf5 Rcf8 35. Rxf6 Rxf6 36. d7 1-0

[Event "19eme Open de La Réunion"]
[Site "Salle des fêtes de Bellepierre"]
[Date "2017.10.20"]
[Round "6.11"]
[White "Vincent, Theo"]
[Black "Frelicot, Eric"]
[Result "0-1"]
[WhiteElo "1120"]
[BlackElo "1680"]
[PlyCount "74"]
[EventDate "2017.??.??"]

1. e4 c6 2. d4 d5 3. e5 Bf5 4. Nf3 e6 5. Nc3 Ne7 6. Nh4 Nd7 7. Nxf5 Nxf5 8. Bd3
Nxd4 9. Bxh7 Rxh7 10. Qxd4 Bc5 11. Qf4 Qc7 12. Be3 Bxe3 13. Qxe3 Qxe5 14. Qxe5
Nxe5 15. O-O-O Ng4 16. Rd2 Ke7 17. h3 Nf6 18. Kd1 g5 19. f3 Rd8 20. Rd4 e5 21.
Ra4 a6 22. h4 d4 23. Ne2 Nd5 24. g3 gxh4 25. gxh4 Rdh8 26. c4 Ne3+ 27. Kd2 Rxh4
28. Rxh4 Rxh4 29. b3 Kd6 30. Ng3 Rh2+ 31. Kd3 Nd1 32. Ra5 Nf2+ 33. Kd2 Ne4+ 34.
Kd3 Nxg3 35. Ra3 f5 36. b4 Nf1 37. c5+ Kd5 0-1

[Event "19eme Open de La Réunion"]
[Site "Salle des fêtes de Bellepierre"]
[Date "2017.10.20"]
[Round "6.12"]
[White "Pun Chung, Leo"]
[Black "Fautrel, Pierrick"]
[Result "1-0"]
[WhiteElo "1443"]
[BlackElo "1260"]
[PlyCount "49"]
[EventDate "2017.??.??"]

1. e4 e6 2. d4 d5 3. e5 c5 4. c3 Nc6 5. Nf3 Qb6 6. Bd3 Bd7 7. Bc2 f6 8. O-O
O-O-O 9. Re1 g5 10. exf6 Nxf6 11. Nxg5 Be8 12. Nxe6 Rd7 13. Bf5 Bh5 14. f3 cxd4
15. cxd4 Bb4 16. Nc3 Bf7 17. Nc5 Bxc5 18. Bxd7+ Nxd7 19. dxc5 Nxc5 20. Kh1 d4
21. Ne4 Nxe4 22. fxe4 Re8 23. Qg4+ Kb8 24. Bf4+ Ka8 25. Qd7 1-0

[Event "19eme Open de La Réunion"]
[Site "Salle des fêtes de Bellepierre"]
[Date "2017.10.20"]
[Round "6.13"]
[White "Padre, Maxime"]
[Black "Alex-Geerjanan, Nils"]
[Result "1-0"]
[WhiteElo "1347"]
[BlackElo "1140"]
[PlyCount "71"]
[EventDate "2017.??.??"]

1. Nf3 Nc6 2. c4 Nf6 3. g3 g6 4. Bg2 Bg7 5. O-O O-O 6. Nc3 d6 7. d3 Bg4 8. Bd2
Qd7 9. Re1 Bh3 10. Bh1 Rad8 11. a3 Qe6 12. Ng5 Qc8 13. Nxh3 Qxh3 14. Bg2 Qh5
15. e3 Qxd1 16. Rexd1 e6 17. b4 d5 18. cxd5 exd5 19. d4 a5 20. b5 Ne7 21. a4 c6
22. Rab1 cxb5 23. Rxb5 Rb8 24. Rxa5 Nc6 25. Rb5 Na7 26. Rb2 Nc8 27. Nxd5 Nxd5
28. Bxd5 Ne7 29. Bg2 Rfd8 30. Rdb1 Rd7 31. Rxb7 Rbxb7 32. Rxb7 Rxb7 33. Bxb7
Nf5 34. a5 Bf6 35. a6 Nd6 36. a7 1-0

[Event "19eme Open de La Réunion"]
[Site "Salle des fêtes de Bellepierre"]
[Date "2017.10.20"]
[Round "6.14"]
[White "Fautrel, Sebastien"]
[Black "Bosi-Lagarde, Arthur"]
[Result "1-0"]
[WhiteElo "1070"]
[BlackElo "1160"]
[PlyCount "57"]
[EventDate "2017.??.??"]

1. e4 e5 2. Nf3 Nc6 3. Bb5 Bd6 4. d4 Qf6 5. dxe5 Nxe5 6. Nxe5 Bxe5 7. O-O Bxb2
8. Bxb2 Qxb2 9. Nc3 Qxc3 10. Ba4 Nf6 11. Re1 Qe5 12. Qf3 O-O 13. Rab1 Re8 14.
Rb5 Qd6 15. Rd1 Qa6 16. Rb4 Qa5 17. Rdb1 Rxe4 18. Rxe4 Nxe4 19. Qxe4 g6 20. Bb3
Qb6 21. Bxf7+ Kxf7 22. Rxb6 cxb6 23. Qd4 b5 24. Qh8 b6 25. Qxh7+ Kf6 26. Qh4+
Kg7 27. Qe4 Rb8 28. Qe5+ Kh6 29. Qxb8 1-0

[Event "19eme Open de La Réunion"]
[Site "Salle des fêtes de Bellepierre"]
[Date "2017.10.20"]
[Round "6.15"]
[White "Carballar, Alexandre"]
[Black "Poignart, Francois-Xavier"]
[Result "0-1"]
[WhiteElo "1138"]
[BlackElo "1337"]
[PlyCount "68"]
[EventDate "2017.??.??"]

1. e4 c5 2. c3 g6 3. d4 cxd4 4. cxd4 Bg7 5. Nf3 d5 6. e5 Bg4 7. Be2 Nc6 8. O-O
Bxf3 9. Bxf3 e6 10. Be3 Nge7 11. Qd2 Nf5 12. Nc3 Qb6 13. Rad1 O-O 14. Bg4 Nce7
15. Bf4 Rac8 16. b3 Qb4 17. Ne2 Qxd2 18. Rxd2 Rc7 19. Rc1 Rxc1+ 20. Nxc1 Rc8
21. Re2 Nxd4 22. Re1 Rc2 23. a4 h5 24. Bh3 Nec6 25. g4 Nf3+ 26. Kf1 Nxe1 27.
Kxe1 Nxe5 28. gxh5 gxh5 29. Be3 Nf3+ 30. Kd1 Rb2 31. Bxa7 Bd4 32. Bxd4 Nxd4 33.
f4 Nf3 34. f5 Rd2# 0-1

[Event "19eme Open de La Réunion"]
[Site "Salle des fêtes de Bellepierre"]
[Date "2017.10.20"]
[Round "6.16"]
[White "Sandjivy, Jean Marc"]
[Black "Fondrat, Johan"]
[Result "0-1"]
[WhiteElo "1291"]
[BlackElo "1099"]
[PlyCount "114"]
[EventDate "2017.??.??"]

1. c4 d6 2. Nc3 e5 3. e3 g6 4. d4 Bd7 5. c5 Nc6 6. d5 Nce7 7. cxd6 cxd6 8. e4
Nf6 9. Qc2 Bg7 10. Nb5 Bxb5 11. Bxb5+ Nd7 12. Bg5 a6 13. Be2 O-O 14. Nf3 Rc8
15. Qd2 Nc5 16. Qe3 f6 17. Bh6 Qb6 18. Bxg7 Kxg7 19. O-O Qxb2 20. Nh4 Qb4 21.
Qh3 Qxe4 22. Bf3 Qf4 23. g3 Qh6 24. g4 e4 25. Be2 Nxd5 26. Kh1 Nf4 27. Nf5+
gxf5 28. Qxh6+ Kxh6 29. Bd1 fxg4 30. Bxg4 Rc7 31. h3 Rg8 32. Kh2 d5 33. Rac1 d4
34. Bf5 Rc6 35. Rc4 Rd8 36. Rd1 Ne2 37. Kg2 d3 38. Bxe4 Nxe4 39. Rxe4 Rc1 40.
Rd2 Rc2 41. Rxc2 dxc2 42. Rc4 c1=Q 43. Rxc1 Nxc1 44. a4 b5 45. Kg3 bxa4 46. f4
a3 47. Kh4 Rd4 48. Kg4 Ne2 49. Kf3 Rxf4+ 50. Kxe2 Rh4 51. Kd3 a2 52. Kc2 a1=Q
53. Kd3 Qa3+ 54. Ke2 Rxh3 55. Kf2 Rh2+ 56. Kg1 Qg3+ 57. Kf1 Qf2# 0-1

[Event "19eme Open de La Réunion"]
[Site "Salle des fêtes de Bellepierre"]
[Date "2017.10.20"]
[Round "6.17"]
[White "Leonardy, Batiste"]
[Black "Rebut, Paul"]
[Result "0-1"]
[WhiteElo "1116"]
[BlackElo "1261"]
[PlyCount "124"]
[EventDate "2017.??.??"]

1. e4 e5 2. Nf3 Nc6 3. Bc4 Nf6 4. d3 Bc5 5. O-O h6 6. Re1 O-O 7. c3 Bb6 8. d4
d6 9. h3 Re8 10. Qb3 Re7 11. dxe5 dxe5 12. Rd1 Qe8 13. Qc2 Be6 14. Na3 Rd7 15.
Be3 Bxe3 16. fxe3 Rad8 17. Rxd7 Rxd7 18. Bb5 Re7 19. Nxe5 Bd7 20. Nxd7 Qxd7 21.
Qa4 Rxe4 22. Bxc6 Rxa4 23. Bxd7 Nxd7 24. Nb5 c6 25. b3 Re4 26. Rd1 Nf6 27. Rd8+
Kh7 28. Nxa7 Rxe3 29. Rb8 Re7 30. Nc8 Re8 31. Ra8 Nd5 32. c4 Nc3 33. a4 Ne2+
34. Kf1 Nd4 35. b4 Nc2 36. b5 Ne3+ 37. Kf2 Nxc4 38. bxc6 bxc6 39. Nb6 Rxa8 40.
Nxa8 Kg6 41. Nb6 Nxb6 42. a5 Nc8 43. a6 Kf5 44. Ke3 Ke5 45. Kd3 Kd5 46. Kc3 Kc5
47. g4 g6 48. h4 f5 49. gxf5 gxf5 50. Kd3 Kd5 51. Ke3 c5 52. Kf4 c4 53. Ke3 Kc5
54. Kd2 Kd4 55. Kc2 f4 56. Kd2 c3+ 57. Kc2 f3 58. Kd1 Kd3 59. Kc1 f2 60. Kb1
f1=Q+ 61. Ka2 c2 62. a7 c1=Q 0-1

[Event "19eme Open de La Réunion"]
[Site "Salle des fêtes de Bellepierre"]
[Date "2017.10.20"]
[Round "6.18"]
[White "Juillien, Thibault"]
[Black "Eric Andriana, Fitia"]
[Result "0-1"]
[WhiteElo "1099"]
[BlackElo "1156"]
[PlyCount "62"]
[EventDate "2017.??.??"]

1. c4 e5 2. g3 Nc6 3. Bg2 Nf6 4. a3 Be7 5. d3 d5 6. cxd5 Nxd5 7. Nf3 Nf6 8. O-O
O-O 9. Nc3 Bg4 10. Re1 Bc5 11. Bd2 Re8 12. b4 Bb6 13. Ng5 h6 14. Nge4 a6 15.
Nxf6+ Qxf6 16. b5 Bxf2+ 17. Kh1 Bxe1 18. Qxe1 axb5 19. Nxb5 Rac8 20. e4 Red8
21. Qf1 Qxf1+ 22. Bxf1 Nd4 23. Nxd4 Rxd4 24. Bc3 Ra4 25. Bxe5 c5 26. Bb2 Be6
27. Bg2 c4 28. dxc4 Rcxc4 29. e5 b5 30. Bf1 Rc5 31. Bd4 Rxd4 0-1

[Event "19eme Open de La Réunion"]
[Site "Salle des fêtes de Bellepierre"]
[Date "2017.10.20"]
[Round "6.19"]
[White "Assie, Joel"]
[Black "Celestin, Dimitri"]
[Result "1-0"]
[WhiteElo "1398"]
[BlackElo "1148"]
[PlyCount "75"]
[EventDate "2017.??.??"]

1. d4 Nf6 2. Nf3 g6 3. Bf4 Bg7 4. e3 O-O 5. Nbd2 Nc6 6. Bd3 d5 7. h3 Bd7 8. c3
e6 9. O-O Re8 10. Bg5 e5 11. Re1 e4 12. Be2 exf3 13. Bxf3 h6 14. Bh4 Be6 15. e4
Qd7 16. Qc2 dxe4 17. Nxe4 Nxe4 18. Bxe4 Bd5 19. Bd3 Rxe1+ 20. Rxe1 Re8 21. Re3
Rxe3 22. fxe3 Qe6 23. c4 Bxc4 24. Qxc4 Qxe3+ 25. Bf2 Qf4 26. g3 Qf6 27. Be4 Qe6
28. d5 Qxh3 29. dxc6 bxc6 30. Bxc6 Bxb2 31. Qe4 Qh5 32. Ba4 Qg5 33. Bb3 Qc1+
34. Kg2 Bg7 35. Qe8+ Kh7 36. Bxf7 Qc6+ 37. Qxc6 Bf8 38. Qxg6+ 1-0

[Event "19eme Open de La Réunion"]
[Site "Salle des fêtes de Bellepierre"]
[Date "2017.10.20"]
[Round "6.21"]
[White "Hauet, Noah"]
[Black "Mohamed, Keziah"]
[Result "0-1"]
[WhiteElo "1199"]
[BlackElo "1060"]
[PlyCount "72"]
[EventDate "2017.??.??"]

1. Nf3 d5 2. g3 Nf6 3. Bg2 Nc6 4. O-O e5 5. h3 Bc5 6. c3 O-O 7. b4 Bb6 8. a4 a5
9. b5 e4 10. Nd4 Nxd4 11. cxd4 Bxd4 12. Ra3 Re8 13. e3 Ba7 14. Qc2 Bf5 15. Rc3
Bb6 16. Qa2 Be6 17. Rc2 d4 18. Bb2 Bxa2 19. Na3 Qd7 20. Nc4 Bb3 21. Rcc1 dxe3
22. dxe3 Bxc4 23. Rxc4 Qd3 24. Rc3 Qd2 25. Rb3 c6 26. bxc6 bxc6 27. Bc3 Qd8 28.
Rxb6 Qxb6 29. Bd4 Qb4 30. f3 Qxa4 31. g4 Rab8 32. g5 Nh5 33. Kf2 Qc2+ 34. Kg1
Ng3 35. Rf2 Ne2+ 36. Kf1 Qd1# 0-1

[Event "19eme Open de La Réunion"]
[Site "Salle des fêtes de Bellepierre"]
[Date "2017.10.20"]
[Round "6.22"]
[White "Sandjivy, Yann"]
[Black "Padre, Bryan"]
[Result "0-1"]
[WhiteElo "1010"]
[BlackElo "1150"]
[PlyCount "72"]
[EventDate "2017.??.??"]

1. e4 e5 2. Bc4 Nf6 3. Nf3 Nc6 4. Nc3 Bc5 5. Ng5 O-O 6. O-O d6 7. d3 Bg4 8. Qd2
Nd4 9. Kh1 h6 10. Nh3 Qd7 11. f3 Bxh3 12. gxh3 Qxh3 13. Qd1 Qh4 14. Nb5 Ne8 15.
Be3 Nxb5 16. Bxb5 Bxe3 17. Bxe8 Raxe8 18. Qe1 Qxe1 19. Rfxe1 Bd4 20. c3 Bb6 21.
a4 a5 22. c4 c6 23. Ra3 Rd8 24. Rb3 Bd4 25. Rxb7 Rb8 26. Rc7 Rxb2 27. Rxc6 Ra2
28. Rxd6 Rxa4 29. Rc6 Rb4 30. Rc1 Ra8 31. Kg2 a4 32. Ra1 Bxa1 33. Kf2 Bd4+ 34.
Ke2 a3 35. Kd2 a2 36. Kc2 a1=Q 0-1

[Event "19eme Open de La Réunion"]
[Site "Salle des fêtes de Bellepierre"]
[Date "2017.10.21"]
[Round "7.1"]
[White "Testud, Philippe"]
[Black "Goorsahye, Antoine"]
[Result "1-0"]
[WhiteElo "2167"]
[BlackElo "1750"]
[PlyCount "49"]
[EventDate "2017.??.??"]

1. d4 d5 2. Bf4 Nf6 3. e3 e6 4. Nd2 c5 5. c3 Nc6 6. Ngf3 c4 7. Qc2 Nh5 8. Be2
Nxf4 9. exf4 f6 10. O-O Bd6 11. g3 O-O 12. Rfe1 e5 13. dxe5 fxe5 14. fxe5 Nxe5
15. Nxe5 Bxe5 16. Bxc4 dxc4 17. Rxe5 Qf6 18. f4 b5 19. Ne4 Qb6+ 20. Qf2 Qc6 21.
Qc5 Qg6 22. Qd5+ Qf7 23. Qxa8 Bb7 24. Qxa7 Rd8 25. Nc5 1-0

[Event "19eme Open de La Réunion"]
[Site "Salle des fêtes de Bellepierre"]
[Date "2017.10.21"]
[Round "7.2"]
[White "Lorans, Sylvain"]
[Black "Andriandaza, Tombo Omar"]
[Result "1-0"]
[WhiteElo "2167"]
[BlackElo "1711"]
[PlyCount "47"]
[EventDate "2017.??.??"]

1. d4 Nf6 2. c4 g6 3. Nc3 Bg7 4. e4 d6 5. Be2 O-O 6. Be3 Nc6 7. d5 Nb8 8. g4 e5
9. g5 Ne8 10. h4 f5 11. gxf6 Nxf6 12. h5 Nbd7 13. hxg6 hxg6 14. Nh3 Nc5 15. Ng5
a5 16. Kd2 c6 17. Kc2 Na6 18. Rc1 c5 19. Qg1 Qe8 20. Qh2 Nh5 21. Rcg1 Rf6 22.
Bxh5 gxh5 23. Rg3 h4 24. Qxh4 1-0

[Event "19eme Open de La Réunion"]
[Site "Salle des fêtes de Bellepierre"]
[Date "2017.10.21"]
[Round "7.3"]
[White "Evrin, Selvam"]
[Black "Triton, Maxime"]
[Result "0-1"]
[WhiteElo "1592"]
[BlackElo "1705"]
[PlyCount "67"]
[EventDate "2017.??.??"]

1. e4 c5 2. Nf3 e6 3. d4 cxd4 4. Nxd4 Nc6 5. Nc3 Qc7 6. Be3 a6 7. Be2 Nf6 8.
O-O Be7 9. f4 d6 10. Qe1 O-O 11. Qg3 Nxd4 12. Bxd4 b5 13. e5 dxe5 14. Bxe5 Qc5+
15. Kh1 g6 16. Bf3 Ra7 17. Rad1 Rd7 18. Rxd7 Bxd7 19. Qg5 Ne8 20. Ne4 Qc4 21.
Nd2 Qxf1+ 22. Nxf1 Bxg5 23. fxg5 f6 24. gxf6 Nxf6 25. Ne3 Bc8 26. c4 bxc4 27.
Nxc4 Nd5 28. Nd6 Bd7 29. Kg1 Nf4 30. Bc3 Bc6 31. Ne4 Bxe4 32. Bg4 Bf5 33. Bf3
Nd5 34. Bd2 0-1

[Event "19eme Open de La Réunion"]
[Site "Salle des fêtes de Bellepierre"]
[Date "2017.10.21"]
[Round "7.4"]
[White "Mezouaghi, Miloud"]
[Black "Dace, Jean Emeric"]
[Result "1-0"]
[WhiteElo "2102"]
[BlackElo "1649"]
[PlyCount "97"]
[EventDate "2017.??.??"]

1. d4 Nf6 2. c4 c6 3. Nc3 d5 4. Nf3 Bf5 5. Qb3 Qc7 6. cxd5 Nxd5 7. Nxd5 cxd5 8.
Qxd5 e6 9. Qb5+ Nd7 10. Ne5 Rd8 11. Bd2 a6 12. Qc4 Qb6 13. Nxd7 Rxd7 14. Bc3
Be7 15. e3 O-O 16. Be2 Rc7 17. Qb3 Qc6 18. Bf3 Be4 19. Bxe4 Qxe4 20. O-O Rd7
21. Rac1 Rd5 22. Bd2 Rg5 23. g3 h5 24. Qc2 Qf3 25. Qd1 Qe4 26. f4 Rg6 27. Qxh5
Qd3 28. Rf2 Rh6 29. Qe2 Qe4 30. Qf3 Qd3 31. Qxb7 Bd6 32. Qc6 Be7 33. Qc4 Qe4
34. Qc2 Qd5 35. b4 f5 36. a4 Rff6 37. Qc6 Qb3 38. b5 axb5 39. Qxb5 Qa3 40. Rc8+
Kh7 41. Bc1 Qa1 42. a5 Rf8 43. Rcc2 Kg6 44. Rf1 Bd8 45. a6 Rfh8 46. Bb2 Qa2 47.
Ra1 Qd5 48. Qxd5 exd5 49. a7 1-0

[Event "19eme Open de La Réunion"]
[Site "Salle des fêtes de Bellepierre"]
[Date "2017.10.21"]
[Round "7.5"]
[White "Payet, Jean-Claude"]
[Black "Ringayen, Rose-May"]
[Result "0-1"]
[WhiteElo "1837"]
[BlackElo "1622"]
[PlyCount "50"]
[EventDate "2017.??.??"]

1. e4 e5 2. Bc4 Nf6 3. d4 exd4 4. Nf3 Nc6 5. e5 d5 6. exf6 dxc4 7. Qe2+ Be6 8.
fxg7 Bxg7 9. Bg5 Qd5 10. Na3 f6 11. Bf4 O-O-O 12. O-O-O Bf8 13. Nb5 d3 14. Qe1
Bg4 15. a4 Qf5 16. Qe3 Bc5 17. Qd2 dxc2 18. Qxd8+ Rxd8 19. Rxd8+ Nxd8 20. Bxc7
Bxf3 21. gxf3 a6 22. Nd6+ Bxd6 23. Bxd6 Nc6 24. f4 Nd4 25. Re1 Nb3# 0-1